Sport par lettre - i - Statistiques

Statistiques générales
  • Ce quiz a été pris 72 fois
  • Le résultat moyen est 12 sur 20
Statistiques - réponses
Hint Réponse % Correct
L'un des clubs de football de Milan Inter
97%
Son but en prolongation offre sa première coupe du monde à l'Espagne Andrés Iniesta
94%
Au judo, il offre la victoire instantanée Ippon
90%
Remporte l'édition 2024 du tournoi des six nations Irlande
89%
Avant-centre passé par de nombreux club, ce suédois occupe désormais un rôle de conseiller auprès de l'autre club milanais Zlatan Ibrahimovic
87%
Dans les sports collectifs, si un défenseur capte le ballon à ses adversaires, il réalise une ... Interception
85%
Ville où est implanté le club multisport de Fenerbahce Istanbul
84%
Lors de l'euro 2016, 22 des 23 joueurs représentant ce pays ont un nom se terminant par le suffixe "son" Islande
81%
Entraineur de ce club entre 2021 et 2025 Simone Inzaghi
68%
Groupe de pétrochimie qui possède une équipe cycliste, l'OGC Nice et Manchester United Ineos
63%
Nom de l'un des plus longs formats en triathlon Ironman
63%
Tennisman américain qui affronte Nicolas Mahut lors de ce qui sera le plus long match de tennis professionnel de l'histoire John Isner
56%
Ville autrichienne qui accueille les JO d'hiver de 1976 Innsbruck
52%
Au basket, ce poste est aussi appelé "poste 5" Intérieur
48%
Établissement public situé dans le bois de Vincennes qui offre aux sportifs un cadre idéal pour s'entrainer, se former, et améliorer leurs performances (on cherche l'acronyme) INSEP
47%
Station de sports d'hiver située dans le département des Alpes maritimes Isola 2000
37%
Equipe cycliste dont la présence sur la Vuelta génère de nombreuses contestations et des interruptions de course en 2025 Israel Premier Tech
35%
Ce cycliste espagnol remporte toutes les éditions du Tour de France entre 1991 et 1995 Miguel Indurain
34%
Ancien joueur américain de basketball surnommé "The Answer" Allen Iverson
24%
Classe de voilier qu'on retrouve sur les principales courses océaniques en solitaire Imoca
13%
Aucun quiz correspondant
Distribution des résultats
% des personnes avec chaque résultat
Percentile par nombre de réponses
Votre historique - résultats
Vous n’avez pas pris ce quiz